01294cam a22003014a 4500999001700000001000900017003000400026005001700030008004100047010001700088020001500105040001800120042000800138050002300146100003000169245009500199260008800294300004100382500010800423504005400531600006000585700002900645710003600674856007500710906004500785942003600830952012600866 c27448d2744813360924OSt20170208144106.0031002s2001 nyua bc 000 0 eng  a 2003278094 a0816640122 aDLCcDLCdDLC apcc00aNC266.E57bA4 20011 aEnsor, James,d1860-1949.10aBetween street and mirror :bthe drawings of James Ensor /cedited by Catherine de Zegher. aNew York :bDrawing Center ;aMinneapolis :bUniversity of Minnesota Press,cc2001. a256 p. :bill. (some col.) ;c27 cm. aPublished on the occasion of an exhibition held at the Drawing Center, New York, Apr. 27-July 21, 2001. aIncludes bibliographical references (p. 239-246).10aEnsor, James,d1860-1949xThemes, motivesvExhibitions.1 aZegher, M. Catherine de.2 aDrawing Center (New York, N.Y.)413Table of contentsuhttp://www.loc.gov/catdir/toc/fy042/2003278094.html a7bcbccorignewd2encipf20gy-gencatlg 2lcccBOOKShNC 266 .E57B48 2001 00102lcc4070aMUCbMUCcTECHd2017-02-08eDonation (BFA)l0oNC 266 .E57B48 2001p35119r2018-07-10w2017-02-08yBOOKS